00366nam a2200133 a 45000010010000000030011000100080041000210350026000620820016000881000022001042450043001262600040001696500023002090000-8795ELIB.Books110520 1953  a(ELIB.Books)0000-8941 a820.3 bRog aRoget, Peter Mark aThesaurus of English Words and Phrases bHarmondsworth: Penguin Books c1953 aEnglish Literature